01192nam a2200349 a 450000100060000000300080000600500170001400600190003100700150005000800410006502000180010603500230012403500240014703500250017103500220019604000260021805000200024408200140026410000300027824501080030826000530041630000110046949000260048053301640050665000160067065000150068665000160070165500270071771000190074485600620076399900170082544473FlNmELB20241216222217.0m o d | cr cn|||||||||201204r2005 sp |||||s|||||||||||spa d z9788433019370 a(MiAaPQ)EBC3197247 a(Au-PeEL)EBL3197247 a(CaPaEBR)ebr10536002 a(OCoLC)1105866454 aFlNmELBbspacFlNmELB 4aR726bR696 200504a179.72221 aRodríguez-Arias, David.14aUna muerte razonableh[recurso electronico] :btestamento vital y eutanasia /cDavid Rodríguez-Arias. aBilbao :bEditorial Desclée de Brouwer,c2005. a147 p.0 aÉtica aplicada ;v4 aRecurso electrónico. Santa Fe, Arg.: e-libro, 2015. Disponible vía World Wide Web. El acceso puede estar limitado para las bibliotecas afiliadas a e-libro. 4aTestamento. 4aEutanasia. 4aEuthanasia. 4aLibros electrónicos.2 ae-libro, Corp.40uhttps://elibro.net/ereader/politecnicointernacional/47739 c44473d44473